Amadeus (Record no. 155)

MARC details
000 -LEADER
fixed length control field 03092cgm a2200769Ia 4500
003 - CONTROL NUMBER IDENTIFIER
control field data
005 - DATE AND TIME OF LATEST TRANSACTION
control field 20260322212008.0
007 - PHYSICAL DESCRIPTION FIXED FIELD--GENERAL INFORMATION
fixed length control field data
008 - FIXED-LENGTH DATA ELEMENTS--GENERAL INFORMATION
fixed length control field data
019 ## -
-- 466807086
020 ## - INTERNATIONAL STANDARD BOOK NUMBER
International Standard Book Number 1419886762
020 ## - INTERNATIONAL STANDARD BOOK NUMBER
International Standard Book Number 9781419886768
024 1# - OTHER STANDARD IDENTIFIER
Standard number or code 883929089024
028 42 - PUBLISHER OR DISTRIBUTOR NUMBER
Publisher or distributor number 1000111493
Source Warner Home Video
040 ## - CATALOGING SOURCE
Original cataloging agency B2A
Transcribing agency B2A
Modifying agency OCLCA
-- TEF
-- YDXCP
-- OCLCA
041 1# - LANGUAGE CODE
Language code of text/sound track or separate title fre
-- fre
Language code of subtitles fre
-- fre
Language code of original eng
043 ## - GEOGRAPHIC AREA CODE
Geographic area code e-au---
050 #4 - LIBRARY OF CONGRESS CALL NUMBER
Classification number PN1997
Item number .A43 2009
082 04 - DEWEY DECIMAL CLASSIFICATION NUMBER
Classification number 791.43/72
Edition information 22
090 ## - LOCALLY ASSIGNED LC-TYPE CALL NUMBER (OCLC); LOCAL CALL NUMBER (RLIN)
Classification number (OCLC) (R) ; Classification number, CALL (RLIN) (NR) DVD 944
001 - CONTROL NUMBER
control field data
245 10 - TITLE STATEMENT
Title Amadeus
Medium [videorecording] /
Statement of responsibility, etc. Miloš Forman ... [et al.].
250 ## - EDITION STATEMENT
Edition statement Widescreen ed.
260 ## - PUBLICATION, DISTRIBUTION, ETC.
Place of publication, distribution, etc. Burbank, CA :
Name of publisher, distributor, etc. Distributed by Warner Home Video,
Date of publication, distribution, etc. c2009.
300 ## - PHYSICAL DESCRIPTION
Extent 1 videodisc (160 min.) :
Other physical details sd., col. ;
Dimensions 4 3/4 in.
500 ## - GENERAL NOTE
General note HUM221.
500 ## - GENERAL NOTE
General note Based on the Broadway play by Peter Shaffer.
500 ## - GENERAL NOTE
General note Originally released as a motion picture in 1984.
500 ## - GENERAL NOTE
General note Includes interactive menus, production notes, scene access, theatrical trailer, and alternate music-only track.
508 ## - CREATION/PRODUCTION CREDITS NOTE
Creation/production credits note Director of photography, Moroslav Ondricek; production design, Patrizia Von Brandenstein; music, Sir Neville Marriner.
511 1# - PARTICIPANT OR PERFORMER NOTE
Participant or performer note F. Murray Abraham, Tom Hulce, Elizabeth Berridge, Simon Callow, Roy Dotrice, Christine Ebersole, Jeffrey Jones, Charles Kay.
520 ## - SUMMARY, ETC.
Summary, etc. When Mozart arrives at the court of Emperor Joseph II, court composer Antonio Salieri is horrified to discover that the godlike musical gifts he desires himself have been bestowed on a bawdy joker. Mad with envy, he plots to destroy Mozart by any means.
521 8# - TARGET AUDIENCE NOTE
Target audience note Rating on container: R.
-- Rating on container: R.
538 ## - SYSTEM DETAILS NOTE
System details note DVD; region 1; Dolby digital surround (English), Dolby surround stereo (French).
540 ## - TERMS GOVERNING USE AND REPRODUCTION NOTE
Terms governing use and reproduction For private home use only.
546 ## - LANGUAGE NOTE
Language note English and French soundtracks with English and French subtitles.
546 ## - LANGUAGE NOTE
Language note Closed-captioned.
600 10 - SUBJECT ADDED ENTRY--PERSONAL NAME
Personal name Mozart, Wolfgang Amadeus,
Dates associated with a name 1756-1791
Form subdivision Drama.
600 10 - SUBJECT ADDED ENTRY--PERSONAL NAME
Personal name Salieri, Antonio,
Dates associated with a name 1750-1825
Form subdivision Drama.
600 10 - SUBJECT ADDED ENTRY--PERSONAL NAME
Personal name Shaffer, Peter,
Dates associated with a name 1926-
Form subdivision Film adaptations.
650 #0 - SUBJECT ADDED ENTRY--TOPICAL TERM
Topical term or geographic name entry element Composers
Form subdivision Drama.
Geographic subdivision Vienna
-- Vienna
650 #0 - SUBJECT ADDED ENTRY--TOPICAL TERM
Topical term or geographic name entry element Envy
Form subdivision Drama.
650 #0 - SUBJECT ADDED ENTRY--TOPICAL TERM
Topical term or geographic name entry element Composers
Geographic subdivision Austria
651 #0 - SUBJECT ADDED ENTRY--GEOGRAPHIC NAME
Geographic name Vienna (Austria)
Form subdivision Drama.
655 #0 - INDEX TERM--GENRE/FORM
Genre/form data or focus term Film adaptations.
655 #0 - INDEX TERM--GENRE/FORM
Genre/form data or focus term Feature films.
655 #0 - INDEX TERM--GENRE/FORM
Genre/form data or focus term Biographical films.
655 #0 - INDEX TERM--GENRE/FORM
Genre/form data or focus term Fiction films.
655 #0 - INDEX TERM--GENRE/FORM
Genre/form data or focus term Video recordings for the hearing impaired.
700 1# - ADDED ENTRY--PERSONAL NAME
Personal name Forman, Miloš.
700 1# - ADDED ENTRY--PERSONAL NAME
Personal name Zaentz, Saul.
700 1# - ADDED ENTRY--PERSONAL NAME
Personal name Abraham, F. Murray.
700 1# - ADDED ENTRY--PERSONAL NAME
Personal name Hulce, Tom,
Dates associated with a name 1953-
700 1# - ADDED ENTRY--PERSONAL NAME
Personal name Berridge, Elizabeth,
Dates associated with a name 1962-
700 1# - ADDED ENTRY--PERSONAL NAME
Personal name Callow, Simon,
Dates associated with a name 1949-
700 1# - ADDED ENTRY--PERSONAL NAME
Personal name Dotrice, Roy,
Dates associated with a name 1925-
700 1# - ADDED ENTRY--PERSONAL NAME
Personal name Ebersole, Christine.
700 1# - ADDED ENTRY--PERSONAL NAME
Personal name Jones, Jeffrey,
Dates associated with a name 1947-
700 1# - ADDED ENTRY--PERSONAL NAME
Personal name Kay, Charles.
700 1# - ADDED ENTRY--PERSONAL NAME
Personal name Ondricek, Moroslav.
700 1# - ADDED ENTRY--PERSONAL NAME
Personal name Von Brandenstein, Patrizia.
700 1# - ADDED ENTRY--PERSONAL NAME
Personal name Marriner, Neville.
700 1# - ADDED ENTRY--PERSONAL NAME
Personal name Shaffer, Peter,
Dates associated with a name 1926-
Title of a work Amadeus.
710 2# - ADDED ENTRY--CORPORATE NAME
Corporate name or jurisdiction name as entry element Saul Zaentz Company.
710 2# - ADDED ENTRY--CORPORATE NAME
Corporate name or jurisdiction name as entry element Warner Home Video (Firm)
856 41 - ELECTRONIC LOCATION AND ACCESS
Uniform Resource Identifier <a href="https://irs.www.warnerbros.com/keyart-jpeg/amadeus_keyart.jpg">https://irs.www.warnerbros.com/keyart-jpeg/amadeus_keyart.jpg</a>
Holdings
Withdrawn status Lost status Damaged status Not for loan Home library Current library Shelving location Date acquired Total checkouts Full call number Barcode Date last seen Price effective from Koha item type
        Centerville Centerville General stacks 22/03/2026   791.43/72 22 BC0010160 22/03/2026 22/03/2026 Books